Risk management : problems & solutions

Αποθηκεύτηκε σε:
Λεπτομέρειες βιβλιογραφικής εγγραφής
Συγγραφή απο Οργανισμό/Αρχή: Financial Services Research Initiative
Άλλοι συγγραφείς: Beaver, William H. (Επιμελητής έκδοσης), Parker, George G. C. (Επιμελητής έκδοσης)
Μορφή: Βιβλίο
Γλώσσα:English
Δημοσίευση: New York : McGraw-Hill, 1995.
Σειρά:McGraw-Hill series in finance
Θέματα:
Ετικέτες: Προσθήκη ετικέτας
Δεν υπάρχουν, Καταχωρήστε ετικέτα πρώτοι!

MARC

LEADER 00000cam a2200000 i 4500
001 1/62112
008 980615s1995 nyu| ||| |||| ||eng||
020 |a 0071132996 
035 |l 10029014 
040 |a GR-MyUa  |b gre  |e AACR2 
041 0 |a eng 
082 7 |a 658.155   |2 (22) 
245 0 0 |a Risk management :   |b problems & solutions /   |c edited by: William H. Beaver, George Parker. 
260 |a New York :   |b McGraw-Hill,   |c 1995. 
300 |a xiv, 369 σ. ;   |c 23 εκ. 
490 1 |a (McGraw-Hill series in finance) 
504 |a Περιλαμβάνει βιβλιογραφικές παραπομπές. 
650 0 |a Risk management. 
700 1 |a Beaver, William H.  |e edt 
700 1 |a Parker, George G. C.  |e edt 
710 2 |a Financial Services Research Initiative. 
830 0 |a McGraw-Hill series in finance 
852 |a INST  |b CHIOS  |e 19980615  |h 658.155 BEA  |p 005200016147  |q 005200016147  |t BK  |y 0 
901 |a BIBL-1998-2 
922 |a 2ΕΛΗ  |b 199805  |c ΤΔΕ  |d ΠΑΠΑΣΩΤΗΡΙΟΥ